Administrative organization of the college of agriculture. (Record no. 20202)

MARC details
000 -LEADER
fixed length control field 00852cam a22002411 4500
001 - CONTROL NUMBER
control field e 18000502
003 - CONTROL NUMBER IDENTIFIER
control field DLC
005 - DATE AND TIME OF LATEST TRANSACTION
control field 20260227111209.0
008 - FIXED-LENGTH DATA ELEMENTS--GENERAL INFORMATION
fixed length control field 960612s1918 dcua f000 0 eng c
010 ## - LIBRARY OF CONGRESS CONTROL NUMBER
LC control number e 18000502
035 ## - SYSTEM CONTROL NUMBER
System control number (OCoLC)34918817
040 ## - CATALOGING SOURCE
Original cataloging agency Library, U.S. Bur. of Education
Transcribing agency MoU
Modifying agency DLC
050 00 - LIBRARY OF CONGRESS CALL NUMBER
Classification number L111
Item number .A56 no. 8
051 ## - LIBRARY OF CONGRESS COPY, ISSUE, OFFPRINT STATEMENT
Classification number S533
Item number .J3
Copy information Copy 3.
100 1# - MAIN ENTRY--PERSONAL NAME
Personal name Jarvis, Chester Deacon,
Dates associated with a name 1876-
245 10 - TITLE STATEMENT
Title Administrative organization of the college of agriculture.
Statement of responsibility, etc. By C.D. Jarvis, specialist in agricultural education.
260 ## - PUBLICATION, DISTRIBUTION, ETC.
Place of publication, distribution, etc. [Washington,
Name of publisher, distributor, etc. Govt. Print. Off.,
Date of publication, distribution, etc. 1918]
300 ## - PHYSICAL DESCRIPTION
Extent 16 p.
Other physical details diagr.
Dimensions 23 cm.
490 0# - SERIES STATEMENT
Series statement Higher education circular,
Volume/sequential designation no. 8, March 1918
500 ## - GENERAL NOTE
General note Caption title.
500 ## - GENERAL NOTE
General note At head of title: ... Department of the Interior ...
650 #0 - SUBJECT ADDED ENTRY--TOPICAL TERM
Topical term or geographic name entry element Agricultural colleges
Geographic subdivision United States.

No items available.

Powered by Koha